[Event "GRE-chT 49th"]
[Site "Thessaloniki"]
[Date "2022.08.15"]
[Round "5"]
[White "Vagiakos, Fotios"]
[Black "Cheiladakis, Vasileios"]
[Result "0-1"]
[WhiteElo "1276"]
[BlackElo "1606"]
[PlyCount "118"]
[EventDate "2022.08.12"]
[EventType "team-swiss"]
[EventRounds "7"]
[EventCountry "GRE"]
[SourceTitle "EXT 2024"]
[Source "ChessBase"]
[SourceDate "2023.10.10"]
[SourceVersion "1"]
[SourceVersionDate "2023.10.10"]
[SourceQuality "1"]
[WhiteTeam "Livatheias"]
[BlackTeam "Thessaloniki Chan"]
[WhiteTeamCountry "GRE"]
[BlackTeamCountry "GRE"]

1. e4 e5 2. Nf3 Nc6 3. Bc4 Bc5 4. 0-0 Nf6 5. d3 d6 6. a4 a6 7. Re1 h6 8. Nbd2 g5 9. Nf1 g4 10. N3d2 Nh5 11. Nb3 Ba7 12. Be3 Qf6 13. Bxa7 Rxa7 14. c3 Ne7 15. d4 Nf4 16. dxe5 dxe5 17. Qd2 Neg6 18. Rad1 Nh4 19. Ne3 Nfxg2 20. Nd5 Qd6 21. Re3 c6 22. Nb6 Qxd2 23. Nxd2 Nxe3 24. fxe3 Kd8 25. Bxf7 a5 26. Ndc4+ Kc7 27. b4 Nf3+ 28. Kg2 Ng5 29. Bg6 Be6 30. bxa5 Rf8 31. Bf5 Rd8 32. Rxd8 Kxd8 33. Bxe6 Nxe6 34. Kg3 h5 35. Kh4 Ng7 36. Nd6 Kc7 37. Ndc4 Ra6 38. Kg5 Kd8 39. Kh4 Ke7 40. Kg5 Ke6 41. Kh4 Ne8 42. Kxh5 Nf6+ 43. Kg5 Nxe4+ 44. Kxg4 Nxc3 45. h4 Nd5 46. h5 Nxb6 47. Nxb6 Rxa5 48. e4 Kf6 49. Nd7+ Ke7 50. Nb6 Ra6 51. a5 Rxa5 52. Nc4 Ra4 53. Nd2 Rd4 54. Nf3 Rxe4+ 55. Kg5 Re3 56. Nh4 Rg3+ 57. Kh6 Kf6 58. Ng6 Rh3 59. Nf8 Kf5 0-1

[Event "GRE-ch U12"]
[Site "Patras"]
[Date "2021.08.31"]
[Round "3"]
[White "Gkavardinas, Antonios"]
[Black "Vagiakos, Fotios"]
[Result "1-0"]
[WhiteElo "2070"]
[BlackElo "1241"]
[PlyCount "73"]
[EventDate "2021.08.30"]
[EventType "swiss"]
[EventRounds "9"]
[EventCountry "GRE"]
[SourceTitle "EXT 2022"]
[Source "ChessBase"]
[SourceDate "2021.10.06"]
[SourceVersion "1"]
[SourceVersionDate "2021.10.06"]
[SourceQuality "1"]

1. e4 c5 2. Nf3 d6 3. d4 cxd4 4. Nxd4 Nf6 5. Nc3 g6 6. Be3 Bg7 7. f3 0-0 8. Bc4 Nc6 9. Qd2 Bd7 10. 0-0-0 Rc8 11. Bb3 Ne5 12. h4 h5 13. Bh6 Nc4 14. Bxc4 Rxc4 15. Bxg7 Kxg7 16. g4 Qa5 17. Nb3 Qb6 18. e5 Ng8 19. gxh5 gxh5 20. Qg5+ Kh7 21. Rhg1 Bg4 22. fxg4 hxg4 23. Qf5+ Kh8 24. Qh5+ Kg7 25. Rxg4+ Rxg4 26. Qxg4+ Kh7 27. Rg1 Qe3+ 28. Kb1 Qxe5 29. Ne4 Nh6 30. Ng5+ Kh8 31. Qh5 Qf6 32. Nd4 e6 33. Ne4 Qf4 34. Ne2 Qe3 35. Rg3 Qxe4 36. Qxh6+ Qh7 37. Qxf8+ 1-0

[Event "GRE-ch Online Rapid op 1st"]
[Site "Tornelo INT"]
[Date "2021.02.06"]
[Round "7"]
[White "Giannakouras, Angelos"]
[Black "Vagiakos, Fotios"]
[Result "1-0"]
[WhiteElo "1057"]
[BlackElo "1242"]
[PlyCount "91"]
[EventDate "2021.02.06"]
[EventType "swiss (rapid)"]
[EventRounds "8"]
[EventCountry "GRE"]
[SourceTitle "EXT 2023"]
[Source "ChessBase"]
[SourceDate "2022.10.05"]
[SourceVersion "1"]
[SourceVersionDate "2022.10.05"]
[SourceQuality "1"]

1. d4 Nf6 2. c4 g6 3. Nc3 d5 4. Nf3 Bg7 5. g3 0-0 6. Bg2 c5 7. 0-0 Nc6 8. Bf4 dxc4 9. dxc5 Bf5 10. Ne5 Nxe5 11. Bxe5 Qc8 12. Qd4 Rd8 13. Qxc4 Be6 14. Qb5 a6 15. Qxb7 Qxc5 16. Bf4 Nd5 17. Nxd5 Bxd5 18. Bxd5 Qxd5 19. Qxd5 Rxd5 20. Rab1 Rb5 21. b3 Ra5 22. a4 Rd5 23. Rfc1 Rd7 24. b4 Rb7 25. b5 axb5 26. axb5 h5 27. b6 Ra6 28. Be3 Ra2 29. Rc7 Rb8 30. b7 Be5 31. Rc8+ Kg7 32. Bf4 Bxf4 33. gxf4 Rxb7 34. Rxb7 Rxe2 35. Kg2 Re4 36. Kf3 Re6 37. Rcc7 Kf6 38. Rb5 Kg7 39. Re5 Rf6 40. Rexe7 Rf5 41. Re5 Rf6 42. Kg3 Kh6 43. Rec5 Kg7 44. Rc8 Kh7 45. R8c6 Rxc6 46. Rxc6 1-0